LEADER 00897nam0-2200337---450- 001 990008542160403321 005 20071114104239.0 010 $a0-85038-533-4 035 $a000854216 035 $aFED01000854216 035 $a(Aleph)000854216FED01 035 $a000854216 100 $a20070725d1983----km-y0itay50------ba 101 1 $aeng 102 $aGB 105 $aa-------001yy 200 1 $aModelling and control$fPhilippe Coiffet 210 $aLondon$cKogan Page$d1983 215 $a156 p.$cill.$d23 cm 225 1 $aRobot technology$v1 610 0 $aCibernetica$aAutomazione - Robot 676 $a003.5 676 $a629.892 700 1$aCoiffet,$bPhilippe$025145 801 0$aIT$bUNINA$gRICA$2UNIMARC 901 $aBK 912 $a990008542160403321 952 $a10 D III 399/1$b225 DIS$fDINEL 959 $aDINEL 996 $aModelling and control$9709821 997 $aUNINA LEADER 01867nmm a2200433 i 4500 001 991000564479707536 008 070919s2005 de j eng d 020 $a9783540315414 035 $ab13876508-39ule_inst 040 $aDip.to Matematica$beng 082 0 $a003.75 084 $aAMS 70H07 084 $aAMS 70H14 084 $aAMS 37K55 084 $aAMS 35Q53 084 $aAMS 70H11 084 $aAMS 70E17 084 $aLC QA614.83.C55 111 2 $aC.I.M.E. - E.M.S. Summer School on Hamiltonian dynamics theory and applications$d<1999 ;$cCetraro, Italy>$0472489 245 10$aHamiltonian dynamics, theory and applications$h[e-book] :$blectures given at the C.I.M.E.-E.M.S. Summer School, held in Cetraro, Italy, July 1-10, 1999 /$cGiancarlo Benettin, Jacques Henrard, Sergei Kuksin ; editor, Antonio Giorgilli 260 $aBerlin :$bSpringer,$cc2005 300 $bv.: digital 440 0$aLecture notes in mathematics,$x0075-8434 ;$v1861 650 0$aCell aggregation$xMathematics 650 0$aDifferentiable dynamical systems 650 0$aDifferential equations, partial 650 0$aThermodynamics 700 1 $aGiorgilli, Antonio 700 1 $aBenettin, Giancarlo$eauthor$4http://id.loc.gov/vocabulary/relators/aut$0531775 700 1 $aHenrard, Jacques$eauthor$4http://id.loc.gov/vocabulary/relators/aut$0193138 700 1 $aKuksin, Sergei B.$eauthor$4http://id.loc.gov/vocabulary/relators/aut$060265 710 2 $aCentro internazionale matematico estivo 773 0 $tSpringer e-books 856 40$uhttp://dx.doi.org/10.1007/b104338$zAn electronic book accessible through the World Wide Web 907 $a.b13876508$b03-03-22$c02-02-10 912 $a991000564479707536 996 $aHamiltonian dynamics, theory and applications$91746892 997 $aUNISALENTO 998 $ale013$b02-02-10$cm$d@ $e-$feng$gde $h0$i0